| 000 | 00993nam a22003017a 4500 | ||
|---|---|---|---|
| 001 | 6574 | ||
| 003 | FISKH | ||
| 005 | 20250814141848.0 | ||
| 008 | 250512b cb ||||| |||| 00| 0 eng d | ||
| 020 | _a0590148257 | ||
| 040 |
_aDLC _cDLC _dDLC _beng |
||
| 050 | _aPZ7.B2326 A | ||
| 082 | _a813.54 | ||
| 100 | 1 |
_aBarber, Barbara E _d(1943-) |
|
| 245 | 1 | 0 |
_aAllie's basketball dream / _cby Barbara E. Barber ; illustrated by Darryl Ligasan |
| 250 | _aThis edition first published in 1996 | ||
| 260 |
_aNew York : _bScholastic, _c1996. |
||
| 300 |
_a32 pages : _bcolor illustrations ; _c26 cm. |
||
| 505 | _aN | ||
| 520 | _aDetermined in her effort to play basketball, a young Afro-American girl gives it one more shot with the support of a special friend. | ||
| 521 | 8 |
_a530
_bLexile |
|
| 521 | 8 |
_aN
_bRaz-Plus |
|
| 650 | 1 |
_aBasketball _vFiction. |
|
| 650 | 1 |
_aAfrican Americans _vGirl athletes |
|
| 700 | 1 |
_aLigasan, Darryl, _eillustrator |
|
| 942 |
_2ddc _cBK _n0 |
||
| 999 |
_c6574 _d6574 |
||